000 00632nam a2200193 a 4500
005 200902210153555.7
008 960221s1955 dcuabcdjdbkoqu001 0deng d
080 _a621.9.022
_bJHA
100 _aJha, Binit Kumar
_913446
245 _aCNC programming made easy
300 _axiv, 224p.
653 _aMachine-Tools-Numerical control-Programming
_aCNC Machines operation system
942 _cBK
260 _aNew Delhi
_bVikas
_c2009
_913447
500 _a
020 _a9788125911807
003 ViArRB
952 _w2010-06-16
_p00063765
_r2010-06-16
_40
_00
_bUL
_10
_o621.9.022 JHA
_d2010-06-16
_70
_cGEN
_2udc
_yBK
_aUL
999 _c56445
_d56444